| 000 | 00364nam a2200133Ia 4500 | ||
|---|---|---|---|
| 008 | 240624s9999 xx 000 0 und d | ||
| 041 | _aeng | ||
| 082 | _a658.30084 ESP | ||
| 100 | _aESPINOZA CHIP | ||
| 245 | _aMANAGING THE MILLENNIALS DISCOVER THE CO | ||
| 260 |
_c2010 _aNew Jersey _bJohn Wiley and Sons |
||
| 300 | _axvii, : 172 : p. : cm. ; 23 | ||
| 365 |
_c _b30 |
||
| 999 |
_c14898 _d14898 |
||